Pokémon - Les attaques de Gribouraigne - Statistiques

Statistiques générales
  • Ce quiz a été pris 7 fois
  • Le résultat moyen est 12 sur 15
Statistiques - réponses
Niveaux Types Noms des attaques % Correct
Niveau 5 Poison Bombe Acide
100%
Niveau 14 Poison Crochet Venin
100%
Niveau 25 Insecte Demi-Tour
100%
Niveau 45 Poison Détricanon
100%
Niveau 29 Poison Direct Toxik
100%
Départ Normal Griffe
100%
Départ Normal Groz'Yeux
100%
Niveau 8 Ténèbres Morsure
100%
Niveau 40 Ténèbres Sabotage
100%
Niveau 8 Normal Combo-Griffe
75%
Niveau 18 Ténèbres Flatterie
75%
Niveau 21 Normal Tranche
75%
Niveau 33 Ténèbres Provoc
50%
Niveau 11 Ténèbres Passe-Passe
25%
Niveau 36 Normal Clonage
0%
Aucun quiz correspondant
Distribution des résultats
% des personnes avec chaque résultat
Percentile par nombre de réponses
Votre historique - résultats
Vous n’avez pas pris ce quiz